000 00812nam a2200193Ia 4500
003 Ost
005 20260507075132.0
008 260507s9999||||xx |||||||||||||| ||und||
040 _cfsecg
041 _aara
082 _a330
100 _aالشفات، علي جدوع
_eمؤلف
245 0 _aمبادئ الإقتصاد الزراعي /
_c علي جدوع الشفات
260 _aعمان:
_bدار زهران للنشر,
_c2006
300 _a275 صفحة؛
_bإيضاحات ؛
_c24 سم
520 _aمقدمة ومفاهيم عامة- الطلب وسلوك المستهلك- العرض ونظرية الإنتاج- تكاليف الإنتاج- التسويق والأسواق- صلات الإقتصاد الكلي بالزراعة.
653 _aالإقتصاد الزراعي
942 _cكتاب
999 _c43226
_d43226